| 000 | 00599nam a22002177a 4500 | ||
|---|---|---|---|
| 003 | OSt | ||
| 008 | 260625b |||||||| |||| 00| 0 eng d | ||
| 020 | _a9783110799323 | ||
| 082 |
_a677 _bN32T |
||
| 245 |
_aTextile Engineering : an introduction / _cedited by Yasir Nawab and Khubab Shaker |
||
| 250 | _a2nd ed. | ||
| 260 |
_a.- Berlin _b: DE Gruyter _c, 2023 |
||
| 300 | _avi,281p. | ||
| 650 | _aTechnology (Applied Sciences) | ||
| 650 | _aManufacturing | ||
| 650 | _aTextiles | ||
| 650 | _aTextile Engineering | ||
| 700 | _aNawab, Yasir. | ||
| 700 | _aShaker, Khubab. | ||
| 942 |
_2ddc _cBK |
||
| 999 |
_c52323 _d52323 |
||